| 000 | 00810nam a2200289Ia 4500 | ||
|---|---|---|---|
| 005 | 20260324120518.0 | ||
| 008 | 008 260324s9999 xx 000 0 eng d | ||
| 020 | _a9781003235569 | ||
| 037 | _aEBOOK | ||
| 040 | _aCRL | ||
| 040 | _beng | ||
| 040 | _cCRL | ||
| 041 | _2eng | ||
| 041 | _aeng | ||
| 084 | _qCRL | ||
| 100 |
_aMarcia Gentry; Nielsen Pereira; Scott J. Peters; Jason S. McIntosh; C. Matthew Fugate _91158866 |
||
| 245 | 0 | _aHOPE Teacher Rating Scale | |
| 245 | 0 | _bInvolving Teachers in Equitable Identification of Gifted and Talented Students in K-12: Manual | |
| 260 | _bTaylor and Francis | ||
| 260 | _c2015 | ||
| 365 | _a | ||
| 365 | _b260 | ||
| 856 | _uhttp://www.taylorfrancis.com/books/9781003235569 | ||
| 942 | _cEBOOK | ||
| 999 |
_c1750440 _d1750440 |
||